[Event "World Senior chT-65 2019"]
[Site "Rhodes"]
[Date "2019.04.17"]
[Round "2.33"]
[White "Pedersen, Svend"]
[Black "Rantanen, Veikko"]
[Result "1/2-1/2"]
[WhiteElo "2178"]
[BlackElo "1971"]
[Annotator "TA"]
[PlyCount "51"]
[EventDate "2019.04.16"]
[EventType "team-tourn"]
[EventCountry "GRE"]
[SourceTitle "playchess.com"]
[Source "ChessBase"]
[SourceQuality "1"]
[WhiteTeam "Denmark"]
[BlackTeam "Finland"]
[WhiteTeamCountry "DEN"]
[BlackTeamCountry "FIN"]

{[%evp 10,51,-5,-8,-4,-5,-5,-5,8,0,0,0,0,-16,22,-32,32,-2,42,43,58,6,82,50,32,15,36,42,46,28,33,48,37,16,47,9,15,15,9,0,0,0,0,0]} 1. e4 e6 2. d3 d5 3. Nd2 Nf6 4. e5 Nfd7 5. f4 c5 6. Ngf3 Nc6 {C00: French: Unusual White 2nd moves} 7. g3 Be7 8. Bg2 Qb6 (8... b5 9. O-O Bb7 10. Qe2 Qc7 11. Kh1 Nb6 12. c3 O-O-O 13. d4 c4 14. Ng5 Bxg5 15. fxg5 {1-0 (86) Petrosian,T (2592)-Petrosyan,M (2550) Yerevan 2017}) 9. c3 O-O 10. Qe2 a5 $146 ({Predecessor:} 10... a6 11. O-O f6 12. exf6 Nxf6 13. Kh1 Bd7 {0-1 (56) Vaculik,M (1750)-Jinova,L (1680) Czechia 1993}) 11. O-O Qc7 12. Re1 (12. a4 $11) 12... Kh8 ({Better is} 12... a4 $15) 13. Nf1 f5 14. exf6 Nxf6 15. Bh3 (15. Bd2 $14) 15... Nd8 (15... Bd6 $11 {keeps the balance.}) 16. f5 Ra6 17. Ng5 Qc6 18. Bf4 h6 19. Nxe6 Nxe6 20. fxe6 Re8 21. Qf3 Bd8 {[%cal Rc8e6]} 22. Re2 {And now Rae1 would win.} Bxe6 {The position is equal.} 23. Bxe6 Rxe6 24. Rae1 Rxe2 25. Rxe2 Qd7 26. Kg2 {Accuracy: White = 25%, Black = 52%.} 1/2-1/2

[Event "World Senior chT-65 2019"]
[Site "Rhodes"]
[Date "2019.04.17"]
[Round "2.34"]
[White "Ranki, Martti"]
[Black "Holst, Per"]
[Result "0-1"]
[WhiteElo "1940"]
[BlackElo "2150"]
[Annotator "NA RC"]
[PlyCount "52"]
[EventDate "2019.04.16"]
[EventType "team-tourn"]
[EventCountry "GRE"]
[SourceTitle "playchess.com"]
[Source "ChessBase"]
[SourceQuality "1"]
[WhiteTeam "Finland"]
[BlackTeam "Denmark"]
[WhiteTeamCountry "FIN"]
[BlackTeamCountry "DEN"]
[TimeControl "40/5400+30:1800+30"]

1. d4 {[%emt 0:00:00]} e6 {[%emt 0:00:00]} 2. c4 {[%emt 0:00:00]} Nf6 {[%emt 0:00:00]} 3. Nc3 {[%emt 0:00:37]} Bb4 {[%emt 0:00:00]} 4. Qc2 {[%emt 0:01:13]} c5 {[%emt 0:01:27]} 5. e3 {[%emt 0:02:16]} O-O {[%emt 0:02:23]} 6. Nf3 {[%emt 0:00:56]} b6 {[%emt 0:01:34]} 7. Be2 {[%emt 0:01:10]} Bb7 {[%emt 0:00:38]} 8. O-O {[%emt 0:00:19]} cxd4 {[%emt 0:03:29]} 9. exd4 {[%emt 0:03:43]} d5 {[%emt 0:01:11]} 10. b3 {[%emt 0:04:56]} Nc6 {[%emt 0:02:50]} 11. Rd1 {[%emt 0:03:03]} Rc8 {[%emt 0:03:05]} 12. Bg5 {[%emt 0:03:45]} Be7 {[%emt 0:01:18]} 13. Qb2 {[%emt 0:07:12]} Ne4 {[%emt 0:17:06]} 14. Be3 {[%emt 0:11:04]} Nxc3 {[%emt 0:07:32]} 15. Qxc3 {[%emt 0:00:22]} Bb4 {[%emt 0:03:34]} 16. Qb2 {[%emt 0:04:23]} Qe7 {[%emt 0:02:05]} 17. a3 {[%emt 0:01:35]} Bd6 {[%emt 0:00:10]} 18. h3 {[%emt 0:03:44]} dxc4 {[%emt 0:02:44]} 19. bxc4 {[%emt 0:00:43]} Na5 {[%emt 0:01:45]} 20. Nd2 {[%emt 0:05:29]} Qf6 {[%emt 0:05:43]} 21. Rac1 {[%emt 0:05:26]} Qg6 {[%emt 0:04:46]} 22. Bf1 {[%emt 0:00:39]} f5 {[%emt 0:01:15]} 23. c5 {[%emt 0:03:54]} Bb8 {[%emt 0:06:17]} 24. Nc4 {[%emt 0:02:59]} Nxc4 {[%emt 0:02:14]} 25. Rxc4 {[%emt 0:00:16]} f4 {[%emt 0:01:00]} 26. Bc1 {[%emt 0:02:10]} Bxg2 {[%emt 0:02:43]} 0-1

[Event "World Senior chT-65 2019"]
[Site "Rhodes"]
[Date "2019.04.17"]
[Round "2.35"]
[White "Hvenekilde, Jorgen"]
[Black "Alkkiomaki, Jyrki"]
[Result "1/2-1/2"]
[WhiteElo "2046"]
[BlackElo "1908"]
[Annotator "NA RC"]
[PlyCount "43"]
[EventDate "2019.04.16"]
[EventType "team-tourn"]
[EventCountry "GRE"]
[SourceTitle "playchess.com"]
[Source "ChessBase"]
[SourceQuality "1"]
[WhiteTeam "Denmark"]
[BlackTeam "Finland"]
[WhiteTeamCountry "DEN"]
[BlackTeamCountry "FIN"]
[TimeControl "40/5400+30:1800+30"]

1. d4 {[%emt 0:00:00]} d5 {[%emt 0:00:00]} 2. Nf3 {[%emt 0:00:00]} Nf6 {[%emt 0:00:00]} 3. Bf4 {[%emt 0:00:30]} e6 {[%emt 0:00:35]} 4. e3 {[%emt 0:00:13]} c5 {[%emt 0:01:24]} 5. c3 {[%emt 0:00:34]} Nc6 {[%emt 0:00:16]} 6. Bd3 {[%emt 0:01:05]} Be7 {[%emt 0:05:24]} 7. Nbd2 {[%emt 0:01:40]} Bd7 {[%emt 0:05:15]} 8. h3 {[%emt 0:01:59]} Qb6 {[%emt 0:03:28]} 9. Rb1 {[%emt 0:03:56]} c4 {[%emt 0:02:11]} 10. Bc2 {[%emt 0:01:09]} Qa5 {[%emt 0:02:16]} 11. a3 {[%emt 0:11:46]} b5 {[%emt 0:02:06]} 12. Bh2 {[%emt 0:05:05]} Qd8 {[%emt 0:03:10]} 13. O-O {[%emt 0:08:57]} O-O {[%emt 0:00:24]} 14. Ne5 {[%emt 0:07:55]} Nxe5 {[%emt 0:03:02]} 15. dxe5 {[%emt 0:00:45]} Ne8 {[%emt 0:00:13]} 16. Nf3 {[%emt 0:04:29]} g6 {[%emt 0:01:54]} 17. Nd4 {[%emt 0:03:20]} Ng7 {[%emt 0:08:34]} 18. g4 {[%emt 0:02:40]} f5 {[%emt 0:07:12]} 19. f4 {[%emt 0:03:41]} Bc5 {[%emt 0:09:53]} 20. Bg3 {[%emt 0:07:18]} a5 {[%emt 0:03:53]} 21. Be1 {[%emt 0:02:58]} a4 {[%emt 0:06:05]} 22. Qd2 {[%emt 0:08:01]} 1/2-1/2

[Event "World Senior chT-65 2019"]
[Site "Rhodes"]
[Date "2019.04.17"]
[Round "2.36"]
[White "Kauko, Pekka"]
[Black "Grevlund, Per"]
[Result "1-0"]
[WhiteElo "1902"]
[BlackElo "1998"]
[Annotator "NA RC"]
[PlyCount "81"]
[EventDate "2019.04.16"]
[EventType "team-tourn"]
[EventCountry "GRE"]
[SourceTitle "playchess.com"]
[Source "ChessBase"]
[SourceQuality "1"]
[WhiteTeam "Finland"]
[BlackTeam "Denmark"]
[WhiteTeamCountry "FIN"]
[BlackTeamCountry "DEN"]
[TimeControl "40/5400+30:1800+30"]

1. d4 {[%emt 0:00:00]} d5 {[%emt 0:00:00]} 2. Nf3 {[%emt 0:00:00]} Nf6 {[%emt 0:00:00]} 3. c4 {[%emt 0:00:06]} e6 {[%emt 0:00:00]} 4. Bg5 {[%emt 0:00:33]} Be7 {[%emt 0:00:53]} 5. e3 {[%emt 0:00:16]} c6 {[%emt 0:00:20]} 6. Nc3 {[%emt 0:00:26]} Nbd7 {[%emt 0:00:55]} 7. Bd3 {[%emt 0:00:29]} O-O {[%emt 0:02:47]} 8. O-O {[%emt 0:00:11]} Re8 {[%emt 0:01:28]} 9. Qe2 {[%emt 0:01:07]} Nf8 {[%emt 0:02:22]} 10. Rfd1 {[%emt 0:02:02]} Ng6 {[%emt 0:04:38]} 11. Ne5 {[%emt 0:04:26]} Nd7 {[%emt 0:04:45]} 12. Bxe7 {[%emt 0:03:57]} Qxe7 {[%emt 0:03:28]} 13. f4 {[%emt 0:00:39]} f5 {[%emt 0:05:14]} 14. a3 {[%emt 0:03:52]} Ngxe5 {[%emt 0:02:30]} 15. dxe5 {[%emt 0:02:05]} Nb6 {[%emt 0:03:33]} 16. b4 {[%emt 0:01:47]} dxc4 {[%emt 0:02:41]} 17. Bxc4 {[%emt 0:00:23]} Nxc4 {[%emt 0:00:25]} 18. Qxc4 {[%emt 0:00:14]} Bd7 {[%emt 0:00:54]} 19. Rd6 {[%emt 0:01:56]} Rad8 {[%emt 0:13:43]} 20. Rad1 {[%emt 0:00:40]} Bc8 {[%emt 0:02:06]} 21. b5 {[%emt 0:08:22]} Rxd6 {[%emt 0:09:32]} 22. exd6 {[%emt 0:01:15]} Qd7 {[%emt 0:05:02]} 23. bxc6 {[%emt 0:00:41]} bxc6 {[%emt 0:00:08]} 24. Na4 {[%emt 0:00:19]} Rd8 {[%emt 0:01:59]} 25. Nc5 {[%emt 0:01:25]} Qf7 {[%emt 0:00:49]} 26. Qd4 {[%emt 0:01:32]} Bd7 {[%emt 0:04:09]} 27. h3 {[%emt 0:01:12]} Qf6 {[%emt 0:03:48]} 28. Qe5 {[%emt 0:00:56]} Kf8 {[%emt 0:05:35]} 29. Rb1 {[%emt 0:00:22]} Bc8 {[%emt 0:02:16]} 30. Rb8 {[%emt 0:00:33]} Ke8 {[%emt 0:06:05]} 31. Ra8 {[%emt 0:00:35]} a6 {[%emt 0:05:20]} 32. Qxf6 {[%emt 0:04:00]} gxf6 {[%emt 0:00:12]} 33. Rxc8 {[%emt 0:00:10]} Rxc8 {[%emt 0:00:19]} 34. d7+ {[%emt 0:00:05]} Kd8 {[%emt 0:00:13]} 35. dxc8=Q+ {[%emt 0:00:11]} Kxc8 {[%emt 0:00:08]} 36. Nxe6 {[%emt 0:00:19]} Kb7 {[%emt 0:00:47]} 37. Kf1 {[%emt 0:00:19]} Kb6 {[%emt 0:00:11]} 38. Ke2 {[%emt 0:00:17]} Kb5 {[%emt 0:00:20]} 39. Nd4+ {[%emt 0:00:23]} Ka4 {[%emt 0:00:40]} 40. Nxc6 {[%emt 0:00:00]} Kxa3 {[%emt 0:00:00]} 41. Kd3 {[%emt 0:00:51]} 1-0

[Event "World Senior chT-65 2019"]
[Site "Rhodes"]
[Date "2019.04.17"]
[Round "2.37"]
[White "Maki, Christer"]
[Black "Scrimgour, Alan"]
[Result "1/2-1/2"]
[WhiteElo "1885"]
[BlackElo "2087"]
[Annotator "NA RC"]
[PlyCount "35"]
[EventDate "2019.04.16"]
[EventType "team-tourn"]
[EventCountry "GRE"]
[SourceTitle "playchess.com"]
[Source "ChessBase"]
[SourceQuality "1"]
[WhiteTeam "Sweden"]
[BlackTeam "Scotland"]
[WhiteTeamCountry "SWE"]
[BlackTeamCountry "SCO"]
[TimeControl "40/5400+30:1800+30"]

1. e4 {[%emt 1:18:28]} c5 {[%emt 0:00:07]} 2. Nc3 {[%emt 0:00:31]} Nc6 {[%emt 0:00:17]} 3. g3 {[%emt 0:00:26]} g6 {[%emt 0:00:07]} 4. Bg2 {[%emt 0:00:05]} Bg7 {[%emt 0:00:15]} 5. d3 {[%emt 0:01:28]} d6 {[%emt 0:00:10]} 6. Be3 {[%emt 0:03:24]} e6 {[%emt 0:06:10]} 7. Qd2 {[%emt 0:07:17]} Rb8 {[%emt 0:07:59]} 8. a4 {[%emt 0:07:00]} a6 {[%emt 0:00:56]} 9. h4 {[%emt 0:04:07]} h5 {[%emt 0:06:51]} 10. Nge2 {[%emt 0:10:31]} Nd4 {[%emt 0:01:56]} 11. Nd1 {[%emt 0:06:31]} Nh6 {[%emt 0:11:15]} 12. Bxd4 {[%emt 0:01:52]} cxd4 {[%emt 0:02:37]} 13. c3 {[%emt 0:00:48]} dxc3 {[%emt 0:02:23]} 14. Ndxc3 {[%emt 0:01:18]} Ng4 {[%emt 0:04:59]} 15. O-O {[%emt 0:06:41]} O-O {[%emt 0:05:40]} 16. d4 {[%emt 0:03:24]} b5 {[%emt 0:03:03]} 17. axb5 {[%emt 0:03:33]} axb5 {[%emt 0:00:15]} 18. b4 {[%emt 0:00:31]} 1/2-1/2

[Event "World Senior chT-65 2019"]
[Site "Rhodes"]
[Date "2019.04.17"]
[Round "2.38"]
[White "White, Alastair F"]
[Black "Wihlborn, Bengt"]
[Result "1/2-1/2"]
[WhiteElo "2108"]
[BlackElo "1820"]
[Annotator "TA"]
[PlyCount "50"]
[EventDate "2019.04.16"]
[EventType "team-tourn"]
[EventCountry "GRE"]
[SourceTitle "playchess.com"]
[Source "ChessBase"]
[SourceQuality "1"]
[WhiteTeam "Scotland"]
[BlackTeam "Sweden"]
[WhiteTeamCountry "SCO"]
[BlackTeamCountry "SWE"]

{[%evp 9,50,-35,-27,-26,16,6,10,7,44,37,43,42,37,39,66,54,98,100,100,100,145,141,152,140,147,142,501,522,656,658,589,-13,-13,-31,-12,-15,0,-172,-11,-10,-11,-34,-38]} 1. e4 c5 2. Nf3 e6 3. b3 Nf6 4. Qe2 (4. e5 Nd5 5. Bb2 Nc6 6. g3 Be7 7. Bg2 O-O 8. O-O d6 9. exd6 Qxd6 10. Na3 Bf6 11. Bxf6 Nxf6 12. Qe2 Rb8 13. Nb5 Qe7 14. Ne5 Nd4 15. Nxd4 cxd4 16. c4 dxc3 17. dxc3 {1-0 (52) Alekseenko,K (2585)-Moiseenko,A (2677) Minsk 2017}) 4... Nc6 5. Bb2 Be7 6. g3 {B40: Sicilian: 2...e6, Unusual lines} a6 7. Bg2 d5 $146 ({Predecessor:} 7... Rb8 8. O-O O-O 9. d3 Ne8 10. Nbd2 f5 11. Rad1 b5 12. d4 fxe4 13. Nxe4 {1-0 (38) Venkataramanan,T (2287)-Burke,S (2041) Crawley 2012}) 8. exd5 {The position is equal.} Qxd5 9. O-O Qd7 10. Na3 O-O 11. Nc4 {[#] And now Nb6 would win.} Nd5 12. Nfe5 Qc7 13. Nxc6 Qxc6 14. Rae1 $36 {[%mdl 2048] Hoping for Ne3. White is in control.} Re8 15. Qh5 {aiming for Ne5!} Qc7 16. Be4 g6 17. Qf3 ({Don't do} 17. Qh6 Bf8 $16) 17... b5 $2 {[%mdl 8192]} (17... Nb6 $16 {is tougher.}) 18. Ne5 $18 Bd6 19. Bxd5 exd5 20. Ng4 $2 ({White should try} 20. Qf6 $18 {Intending Nxg6 and mate.} Re6 {[#]} 21. Ng4 $1 {[%mdl 512]}) 20... Bxg4 $1 $11 21. Qxg4 Bf8 22. Bf6 Bg7 23. Qg5 $2 (23. Bxg7 $11 {and White is okay.} Kxg7 24. f4) 23... Qc6 $2 (23... h6 $19 24. Qh4 g5 25. Bxg5 hxg5 26. Qxg5 Qd6) 24. Bxg7 Kxg7 25. Re3 d4 {Accuracy: White = 61%, Black = 24%.} 1/2-1/2

[Event "World Senior chT-65 2019"]
[Site "Rhodes"]
[Date "2019.04.17"]
[Round "2.39"]
[White "Dalling, Peter"]
[Black "Bhopal, Raj"]
[Result "0-1"]
[WhiteElo "1830"]
[BlackElo "1900"]
[Annotator "NA RC"]
[PlyCount "72"]
[EventDate "2019.04.16"]
[EventType "team-tourn"]
[EventCountry "GRE"]
[SourceTitle "playchess.com"]
[Source "ChessBase"]
[SourceQuality "1"]
[WhiteTeam "Sweden"]
[BlackTeam "Scotland"]
[WhiteTeamCountry "SWE"]
[BlackTeamCountry "SCO"]
[TimeControl "40/5400+30:1800+30"]

1. e4 {[%emt 0:00:00]} c5 {[%emt 0:00:00]} 2. Nf3 {[%emt 0:00:00]} d6 {[%emt 0:00:00]} 3. d4 {[%emt 0:00:00]} cxd4 {[%emt 0:00:00]} 4. c3 {[%emt 0:00:00]} dxc3 {[%emt 0:00:16]} 5. Nxc3 {[%emt 0:00:02]} Nc6 {[%emt 0:01:07]} 6. Bc4 {[%emt 0:00:08]} e6 {[%emt 0:00:49]} 7. O-O {[%emt 0:00:38]} Be7 {[%emt 0:00:53]} 8. Qe2 {[%emt 0:00:16]} Nf6 {[%emt 0:04:12]} 9. Rd1 {[%emt 0:00:30]} Nd7 {[%emt 0:09:12]} 10. h3 {[%emt 0:05:28]} a6 {[%emt 0:02:55]} 11. a4 {[%emt 0:00:40]} O-O {[%emt 0:01:44]} 12. Be3 {[%emt 0:05:37]} Qa5 {[%emt 0:03:21]} 13. Nh2 {[%emt 0:07:41]} Nde5 {[%emt 0:07:17]} 14. Ba2 {[%emt 0:04:32]} Nb4 {[%emt 0:03:19]} 15. Bb3 {[%emt 0:01:33]} Bd7 {[%emt 0:02:01]} 16. Bd4 {[%emt 0:06:23]} Nec6 {[%emt 0:08:30]} 17. Be3 {[%emt 0:01:19]} Rac8 {[%emt 0:02:42]} 18. Rac1 {[%emt 0:01:36]} Kh8 {[%emt 0:03:11]} 19. Bf4 {[%emt 0:09:03]} e5 {[%emt 0:04:29]} 20. Be3 {[%emt 0:04:31]} Qd8 {[%emt 0:01:49]} 21. Qh5 {[%emt 0:03:20]} Be8 {[%emt 0:03:39]} 22. Qg4 {[%emt 0:03:26]} Qd7 {[%emt 0:03:57]} 23. Qg3 {[%emt 0:06:12]} f5 {[%emt 0:02:03]} 24. exf5 {[%emt 0:00:00]} Qxf5 {[%emt 0:00:55]} 25. Nd5 {[%emt 0:01:36]} Nxd5 {[%emt 0:01:31]} 26. Bxd5 {[%emt 0:03:51]} Bh5 {[%emt 0:03:12]} 27. f3 {[%emt 0:04:16]} Bf7 {[%emt 0:08:39]} 28. Be4 {[%emt 0:00:59]} Qh5 {[%emt 0:00:39]} 29. Qe1 {[%emt 0:04:10]} Bb3 {[%emt 0:01:22]} 30. Rd3 {[%emt 0:01:25]} Bxa4 {[%emt 0:00:56]} 31. Rdc3 {[%emt 0:02:41]} Bg5 {[%emt 0:02:27]} 32. Ng4 {[%emt 0:01:34]} Rcd8 {[%emt 0:01:53]} 33. Bxg5 {[%emt 0:05:22]} Qxg5 {[%emt 0:00:01]} 34. Ne3 {[%emt 0:00:12]} Bb5 {[%emt 0:02:52]} 35. Nd5 {[%emt 0:01:28]} Nd4 {[%emt 0:00:52]} 36. Bd3 {[%emt 0:02:05]} Nxf3+ {[%emt 0:00:39]} 0-1

[Event "World Senior chT-65 2019"]
[Site "Rhodes"]
[Date "2019.04.17"]
[Round "2.40"]
[White "Dawson, Alastair"]
[Black "Gunnarsson, Lennart"]
[Result "1/2-1/2"]
[WhiteElo "1817"]
[BlackElo "1752"]
[Annotator "NA RC"]
[PlyCount "85"]
[EventDate "2019.04.16"]
[EventType "team-tourn"]
[EventCountry "GRE"]
[SourceTitle "playchess.com"]
[Source "ChessBase"]
[SourceQuality "1"]
[WhiteTeam "Scotland"]
[BlackTeam "Sweden"]
[WhiteTeamCountry "SCO"]
[BlackTeamCountry "SWE"]
[TimeControl "40/5400+30:1800+30"]

1. e4 {[%emt 0:00:00]} e6 {[%emt 0:00:00]} 2. Qe2 {[%emt 0:00:00]} Be7 {[%emt 0:01:22]} 3. Nf3 {[%emt 0:00:25]} d5 {[%emt 0:01:38]} 4. d3 {[%emt 0:01:14]} Nf6 {[%emt 0:02:23]} 5. g3 {[%emt 0:00:39]} O-O {[%emt 0:01:04]} 6. e5 {[%emt 0:01:07]} Nfd7 {[%emt 0:00:29]} 7. Bg2 {[%emt 0:00:17]} c5 {[%emt 0:02:08]} 8. O-O {[%emt 0:00:23]} Nc6 {[%emt 0:03:14]} 9. c4 {[%emt 0:10:12]} d4 {[%emt 0:07:51]} 10. Re1 {[%emt 0:01:43]} Rb8 {[%emt 0:06:09]} 11. h4 {[%emt 0:02:36]} Qc7 {[%emt 0:05:53]} 12. Bf4 {[%emt 0:01:34]} b5 {[%emt 0:04:55]} 13. b3 {[%emt 0:11:04]} bxc4 {[%emt 0:01:53]} 14. bxc4 {[%emt 0:02:08]} Rb6 {[%emt 0:07:39]} 15. Na3 {[%emt 0:07:27]} Ba6 {[%emt 0:01:10]} 16. Rab1 {[%emt 0:08:52]} Rfb8 {[%emt 0:00:26]} 17. Ng5 {[%emt 0:05:59]} Bxg5 {[%emt 0:02:11]} 18. hxg5 {[%emt 0:01:59]} Ne7 {[%emt 0:08:47]} 19. Rxb6 {[%emt 0:02:11]} Rxb6 {[%emt 0:00:33]} 20. g4 {[%emt 0:01:06]} Ng6 {[%emt 0:01:12]} 21. Bg3 {[%emt 0:00:36]} Qb8 {[%emt 0:02:56]} 22. Qd1 {[%emt 0:07:20]} Rb4 {[%emt 0:04:20]} 23. f4 {[%emt 0:02:28]} Qb6 {[%emt 0:03:53]} 24. f5 {[%emt 0:01:33]} Ngf8 {[%emt 0:01:32]} 25. Re2 {[%emt 0:07:06]} Qa5 {[%emt 0:02:55]} 26. Nb1 {[%emt 0:01:30]} Qb6 {[%emt 0:01:25]} 27. Na3 {[%emt 0:00:48]} Qa5 {[%emt 0:01:13]} 28. Qc1 {[%emt 0:02:03]} Qc7 {[%emt 0:06:12]} 29. f6 {[%emt 0:01:50]} Ng6 {[%emt 0:02:14]} 30. Qe1 {[%emt 0:02:45]} Qa5 {[%emt 0:03:44]} 31. Qc1 {[%emt 0:00:30]} Qc7 {[%emt 0:00:01]} 32. fxg7 {[%emt 0:01:43]} Kxg7 {[%emt 0:01:56]} 33. Qe1 {[%emt 0:00:31]} Qa5 {[%emt 0:00:43]} 34. Qc1 {[%emt 0:01:50]} Qc7 {[%emt 0:00:05]} 35. Qf1 {[%emt 0:02:08]} Rb8 {[%emt 0:02:29]} 36. Qe1 {[%emt 0:00:50]} Rb4 {[%emt 0:01:23]} 37. Kf2 {[%emt 0:02:35]} Qd8 {[%emt 0:03:15]} 38. Qc1 {[%emt 0:00:39]} Qb8 {[%emt 0:00:30]} 39. Qe1 {[%emt 0:00:34]} Qd8 {[%emt 0:00:21]} 40. Qc1 {[%emt 0:00:00]} Qb8 {[%emt 0:00:00]} 41. Kg1 {[%emt 0:03:28]} Qc7 {[%emt 0:03:53]} 42. Qf1 {[%emt 0:06:05]} Rb8 {[%emt 0:00:29]} 43. Qe1 {[%emt 0:03:15]} 1/2-1/2

[Event "World Senior chT-65 2019"]
[Site "Rhodes"]
[Date "2019.04.17"]
[Round "2.41"]
[White "Baruch, Andrew J D"]
[Black "Rooze, Jan"]
[Result "0-1"]
[WhiteElo "2039"]
[BlackElo "2261"]
[Annotator "TA"]
[PlyCount "82"]
[EventDate "2019.04.16"]
[EventType "team-tourn"]
[EventCountry "GRE"]
[SourceTitle "playchess.com"]
[Source "ChessBase"]
[SourceQuality "1"]
[WhiteTeam "England"]
[BlackTeam "Belgium"]
[WhiteTeamCountry "ENG"]
[BlackTeamCountry "BEL"]

{[%evp 21,82,-15,0,-8,-6,-19,20,14,54,38,43,4,40,33,52,-3,-3,-2,0,-13,-13,-12,-12,-12,20,-78,-78,-78,-78,-78,-69,-134,-134,-134,-134,-134,-134,-134,-134,-134,-134,-134,-134,-134,-134,-164,-134,-164,-164,-156,-134,-1208,-1057,-1222,-1072,-2076,-1900,-1662,-1603,-5390,-5118,-1338,-921]} 1. c4 c5 2. g3 Nc6 3. Bg2 g6 4. Nf3 Bg7 5. Nc3 e6 6. O-O Nge7 7. a3 O-O 8. Rb1 d5 9. d3 b6 10. Bd2 Bb7 11. cxd5 exd5 12. b4 {A37: Symmetrical English vs ...g6: 4 Bg2 Bg7 5 Nf3} cxb4 13. axb4 Rc8 $146 (13... d4 $5 {[%cal Rd4c3]} 14. Ne4 Nd5 $11) ({Predecessor:} 13... d4 14. Ne4 Nd5 15. b5 Nce7 16. Qa4 Nf5 17. Bg5 Qd7 18. g4 Nd6 19. Nxd6 Qxd6 {0-1 (82) Sertic,R (2382)-Biliskov,V (2271) Mali Losinj 2017}) 14. Qa4 {The position is equal.} Re8 15. b5 Na5 16. Nd4 Nc4 (16... Nf5 {seems wilder.} 17. Nxf5 gxf5 18. Nd1 d4 19. Re1 Bxg2 20. Kxg2 Rc5) 17. dxc4 {[#] Threatens to win with e3.} Bxd4 18. Nxd5 (18. Qxa7 $14 Rc7 19. Bf4) 18... Nxd5 $11 19. cxd5 Bxd5 20. Qxd4 Bxg2 21. Qxd8 Rcxd8 22. Rfd1 $1 Rxe2 23. Bg5 (23. Bh6 $11 {remains equal.} Bd5 24. Rd3) 23... Rxd1+ $17 24. Rxd1 {[%mdl 4096] Endgame KRB-KRB} Bf3 25. Bf6 {[#] Intending Rd8+ and mate.} Re8 26. Rd8 (26. Rc1 $15) 26... Rxd8 27. Bxd8 {KB-KB} Kf8 28. Kf1 Ke8 29. Bf6 Bd5 30. Ke1 Bc4 31. Kd2 Bxb5 32. Kc3 Kd7 33. h4 Kc6 34. Bd4 Be2 35. Be3 a5 {...b5 is the strong threat.} 36. Kb3 $2 {[%mdl 8192]} (36. Bg5 $17) 36... b5 $19 {[%cal Bb6b5,Bb5b4][%mdl 32] Black is clearly winning.} 37. Bg5 Bd1+ 38. Kb2 b4 39. Kc1 Bf3 40. Bd8 Kb5 41. Bf6 Kc4 {Accuracy: White = 26%, Black = 73%.} 0-1

[Event "World Senior chT-65 2019"]
[Site "Rhodes"]
[Date "2019.04.17"]
[Round "2.42"]
[White "Van de Wynkele, Herman"]
[Black "Reuben, Stewart"]
[Result "0-1"]
[WhiteElo "2129"]
[BlackElo "1974"]
[Annotator "TA"]
[PlyCount "116"]
[EventDate "2019.04.16"]
[EventType "team-tourn"]
[EventCountry "GRE"]
[SourceTitle "playchess.com"]
[Source "ChessBase"]
[SourceQuality "1"]
[WhiteTeam "Belgium"]
[BlackTeam "England"]
[WhiteTeamCountry "BEL"]
[BlackTeamCountry "ENG"]

{[%evp 12,116,31,26,22,9,0,1,1,-7,0,-1,-7,0,6,-20,141,142,148,140,148,112,563,562,628,615,561,470,470,467,434,381,384,388,386,362,470,448,698,-75,-71,-94,-31,-31,-32,-33,0,-452,-454,-472,-420,-435,-467,-460,-453,-425,-450,-474,-469,-659,-664,-744,-724,-879,-895,-992,-572,-660,-621,-768,-730,-770,-709,-756,-625,-822,-733,-786,-747,-688,-637,-619,-572,-1327,-1327,-1338,-933,-845,-592,-718,-306,-385,-362,-908,-522,-495,-485,-366,-364,-577,-576,-542,-541,-488,-432,-29988,-29989]} 1. e4 c5 2. Nf3 g6 3. d4 Bg7 4. dxc5 Qa5+ 5. c3 Qxc5 6. Be3 Qc7 7. Na3 {Strongly threatening Nb5.} Nc6 {B27: Sicilian: 2 Nf3, unusual Black 2nd moves} 8. Bd3 (8. Nb5 Qd8 9. Bc4 a6 10. Nbd4 Nf6 11. e5 Ne4 12. Bd5 f5 13. exf6 Nxf6 14. Bb3 d5 15. O-O {½-½ (54) Demidov,M (2497)-Riazantsev,A (2646) Moscow 2015}) 8... Nf6 9. Qd2 d5 {The position is equal.} 10. Nb5 $146 ({Predecessor:} 10. exd5 Nxd5 11. O-O Nxe3 12. Qxe3 O-O 13. Nb5 Qb8 14. Nbd4 Nxd4 15. Nxd4 {½-½ (40) Brankovic,V (2215)-Sindjelic,M (1872) Belgrade 2015}) 10... Qb8 11. Bf4 e5 12. exd5 Nxd5 13. Bh6 Bxh6 $2 (13... O-O $1 $11) 14. Qxh6 $16 {Hoping for Qg7.} a6 15. Bc4 Nb6 16. Qg7 $36 {[%mdl 2112] Double Attack. Keeping Black busy.} Rf8 $4 {[%mdl 8192]} (16... Nxc4 $16 17. Qxh8+ Ke7) 17. Ng5 $18 {[%mdl 64] Double Attack} Nxc4 18. Nxh7 axb5 19. Qxf8+ Kd7 20. Qxf7+ {[%mdl 64] Double Attack} Kd6 21. Rd1+ Kc5 22. b3 {[%cal Bb2b3,Bb3b4][%mdl 32]} Na3 23. O-O ({Don't do} 23. Nf6 Kb6 $18) 23... Bf5 24. Nf6 Qf8 (24... Kb6 $142 25. g4 Qf8 26. Nd5+ Ka7 27. Qxf8 Rxf8 28. gxf5 Rxf5) 25. Qc7 $2 (25. Qxb7 $18 {[%csl Gf6][%cal Rd1d5]} Qxf6 26. Qxa8) 25... Qxf6 $17 26. Qxb7 Ra7 (26... Rb8 $1 $17 {[%cal Rb8b7]} 27. Qc7 Nc2) 27. b4+ $15 Kc4 {[#]} 28. Qb6 $1 {[%csl Gb4][%cal Rb6c5][%mdl 512]} Kxc3 {Threatens to win with ...Nc4.} 29. Rc1+ $2 {[%mdl 8192]} (29. Rd5 $1 $11 {and White stays safe.} Nc4 30. Rc5) 29... Bc2 $19 30. Qe3+ Kxb4 31. Qd2+ {[#]} Kc5 $1 ({Not} 31... Ka4 32. Rxc2 Nxc2 33. Qxc2+ Ka5 34. Qc5 $17) 32. Rxc2+ Nxc2 33. Qxc2+ Kb6 34. Rc1 {If only White now had time for Qc5+....} Qd6 35. h4 (35. Qb1 $142) 35... Nd4 36. Qb2 {[#]} Qa3 $1 37. Qxa3 Rxa3 {[%mdl 4096] Endgame KRN-KR} 38. Re1 Nc6 39. Re2 Kc5 40. Rc2+ Kd5 41. Kh2 Nb4 42. Rd2+ Kc4 43. Re2 Kd4 44. Rb2 Kc3 45. Re2 Nd3 46. g4 b4 47. h5 gxh5 48. gxh5 Ra6 49. Kg3 Rf6 50. f3 Kd4 (50... Rh6 $142 51. Kg4 {[#]} Rxh5 $1 {[%mdl 512]}) 51. Re4+ Kd5 52. Rg4 $2 (52. Rh4) 52... Ne1 53. Rxb4 Nxf3 54. h6 {intending h7.} Ng5 ({Inferior is} 54... Rxh6 55. Kxf3 Rh3+ 56. Kg4 $11) 55. Kg4 (55. Rb5+ $142 Ke4 56. Rb4+ Kf5 57. Rh4) 55... Nf7 56. h7 Rh6 57. a4 Rxh7 58. Rb7 (58. Rb5+ $19 Ke6 59. Rb3) 58... Nh6+ {[%mdl 64] Discovered Attack. Accuracy: White = 44%, Black = 55%.} 0-1